| 000 | 00375cam a2200145ua 4500 | ||
|---|---|---|---|
| 003 | OSt | ||
| 008 | 250505b |||||||| |||| 00| 0 eng d | ||
| 041 | _aeng | ||
| 082 |
_a624.1517 _bBAS/SU |
||
| 100 |
_aBasak, N,N . _97448 |
||
| 245 | _aSurveying and levelling / | ||
| 260 |
_aNew Delhi : _bTata Mc-Graw Hill Publishing Company , _c2003. |
||
| 300 | _a550 ; . | ||
| 942 | _cBK | ||
| 999 |
_c12279 _d12279 |
||